00394 2200157 4500001002100000008004100021035002000062245002800082100001600110260003200126300002200158020002200180084001400202082000800216990001200224INLIS000000000002807 IND  a0010-0925000154 aLuka CintacRisna Utami aRisna Utami aJakartabRumah Oranyec2014 a250c(13 x 19 cm) a978-602-1588-55-0 a813 RIS l a813 a0755029